00316 2200133 4500001002100000005001500021035002000036245004100056100002100097260003100118082000800149084001400157990001100171INLIS00000000000243220250604101153 a0010-06250000181 aHujan Bulan Juni /cSapardi Djoko D.0 aSapardi Djoko D. aJakarta :bGramedia,c1994 a800 a800 SAP h a983622